000 00545nam a2200181Ia 4500
003 GCL
008 140319s9999 xx 000 0 ara d
040 _aGCL /
_cGCL
082 0 4 _a320.9
_bر ش
100 1 _aكمال الخولى
245 1 0 _aالشرق الاوسط فى سعيه الى السلام /
_cكمال الخولى
700 1 _aروندو، فيليب
490 _a100 قصة
_v0
650 0 4 _aالنزاع العربى الاسرائيلى
650 0 4 _aالشرق الاوسط
650 0 4 _aالسلام
942 _2ddc
_cBK
999 _c43871
_d43871